Les 20 pays accueillant le plus de français (Français de l'étranger) - Statistiques

Statistiques générales
  • Ce quiz a été pris 284 fois
  • Le résultat moyen est 16 sur 20
Statistiques - réponses
Continent Pays Nombre de français résidents % Correct
Amérique États Unis 136 533
98%
Amérique Canada 94 940
97%
Europe Espagne 78 721
97%
Asie Chine 24 092
96%
Europe Allemagne 91 879
95%
Europe Belgique 105 684
95%
Afrique Maroc 51 008
95%
Afrique Algérie 32 812
94%
Europe Italie 33 368
94%
Europe Royaume Uni 136 046
93%
Europe Suisse 174 820
92%
Océanie Australie 21 233
91%
Afrique Tunisie 21 571
80%
Amérique Mexique 21 382
75%
Europe Luxembourg 31 325
65%
Afrique Sénégal 21 332
60%
Asie Émirats Arabes Unis 24 390
51%
Asie Israël 52 390
51%
Asie Liban 21 070
43%
Asie Palestine 22 455
5%
Aucun quiz correspondant
Distribution des résultats
% des personnes avec chaque résultat
Percentile par nombre de réponses
Votre historique - résultats
Vous n’avez pas pris ce quiz